Výkonnosť obchodu na Slovensku bakalárska práca

Saved in:
Bibliographic Details
Main Author: Pomajbová, Natália
Corporate Author: Fakulta podnikového manažmentu EU. Katedra podnikových financií
Other Authors: Tóthová, Alena, 1968-
Format: Book
Language:Slovak
Published: Bratislava 2023
Tags: Add Tag
No Tags, Be the first to tag this record!

MARC

LEADER 00000nbm a2200000 4500
001 0293316
005 20240524090201.1
041 0 |a slo 
044 |a SK 
245 1 0 |a Výkonnosť obchodu na Slovensku  |b bakalárska práca  |c Natália Pomajbová ; školiteľ: Alena Tóthová 
264 1 |a Bratislava  |c 2023 
300 |a 53 s. 
100 1 |a Pomajbová, Natália 
700 1 |a Tóthová, Alena, 1968- 
710 2 |a Fakulta podnikového manažmentu EU. Katedra podnikových financií